[Event "Malmoemaesterskapet gr M"]
[Site "?"]
[Date "2002.02.28"]
[Round "6"]
[White "Thomasson, Lars"]
[Black "Andren, Niklas"]
[Result "1/2-1/2"]
[WhiteElo "1915"]
[BlackElo "1970"]
[PlyCount "65"]
[EventDate "2002.??.??"]

1. d4 Nf6 2. c4 c5 3. d5 e6 4. g3 exd5 5. cxd5 d6 6. Bg2 g6 7. Qa4+ Qd7 8. Qb3
Na6 9. Nc3 Qe7 10. Bg5 Bg7 11. Qb5+ Kf8 12. Rc1 Nb4 13. a3 a6 14. Qc4 b5 15.
Qe4 Qxe4 16. Nxe4 Nxe4 17. Bxe4 Bxb2 18. axb4 Bxc1 19. Bxc1 cxb4 20. Bb2 Rg8
21. Nf3 a5 22. Nd4 a4 23. Kd2 Bd7 24. Rc1 Ke7 25. Bd3 Rgc8 26. Rxc8 Rxc8 27. e4
a3 28. Ba1 b3 29. Nxb3 b4 30. f4 Ba4 31. Bc2 f6 32. Bd1 h5 33. h4 1/2-1/2

[Event "Malmoemaesterskapet gr M"]
[Site "?"]
[Date "2002.02.28"]
[Round "6"]
[White "Soerenfors, Per"]
[Black "Pavlovskaia, Eugenia"]
[Result "0-1"]
[WhiteElo "1906"]
[BlackElo "2271"]
[PlyCount "68"]
[EventDate "2002.??.??"]

1. c4 e6 2. e3 Nf6 3. Nf3 d5 4. b3 c6 5. Be2 Bd6 6. O-O O-O 7. Ba3 Bxa3 8. Nxa3
Qd6 9. Qc1 Nbd7 10. d4 Ne4 11. Nb1 b6 12. Nfd2 Nxd2 13. Qxd2 Bb7 14. f4 Rad8
15. Nc3 dxc4 16. Ne4 Qe7 17. Bxc4 c5 18. Ng5 h6 19. Nf3 Nf6 20. Qb2 cxd4 21.
Nxd4 Be4 22. Be2 e5 23. Nf3 exf4 24. exf4 Qc5+ 25. Kh1 Qe3 26. Bc4 Qxf4 27. Ne5
Bxg2+ 28. Kxg2 Rd2+ 29. Qxd2 Qxd2+ 30. Kh1 b5 31. Rad1 Qxa2 32. Bxb5 Qa5 33.
Nd7 Qxb5 34. Nxf8 Kxf8 0-1

[Event "Malmoemaesterskapet gr M"]
[Site "?"]
[Date "2002.03.07"]
[Round "7"]
[White "Schneider, Stefan"]
[Black "Penalver, Osmani"]
[Result "1/2-1/2"]
[WhiteElo "2391"]
[BlackElo "2205"]
[PlyCount "25"]
[EventDate "2002.??.??"]

1. d4 Nf6 2. Nf3 e6 3. c4 b6 4. Nc3 Bb4 5. Qb3 Qe7 6. Bg5 Bb7 7. e3 Bxc3+ 8.
bxc3 h6 9. Bh4 d6 10. Nd2 Nbd7 11. f3 e5 12. e4 O-O 13. Bd3 1/2-1/2

[Event "Malmoemaesterskapet gr M"]
[Site "?"]
[Date "2002.03.07"]
[Round "7"]
[White "Baeck, Erno"]
[Black "Traeff, Paer"]
[Result "1-0"]
[WhiteElo "1977"]
[BlackElo "1947"]
[PlyCount "63"]
[EventDate "2002.??.??"]

1. e4 c5 2. Nc3 Nc6 3. g3 g6 4. Bg2 Bg7 5. d3 e6 6. f4 Nge7 7. Nf3 O-O 8. O-O
d5 9. Qe1 Rb8 10. g4 f5 11. h3 b5 12. Kh1 b4 13. Nd1 d4 14. b3 Qc7 15. Nb2 e5
16. gxf5 gxf5 17. Nxe5 Nxe5 18. fxe5 Bxe5 19. Bh6 Rf6 20. Bg5 Rg6 21. Qh4 Bg3
22. Qh5 f4 23. Nc4 Be6 24. Rf3 Rf8 25. Raf1 Nc6 26. Bh6 Rf7 27. Rxg3 Rxg3 28.
e5 Rxg2 29. Kxg2 Bd5+ 30. Kf2 Ne7 31. Nd6 Ng6 32. Nxf7 1-0

[Event "Malmoemaesterskapet gr M"]
[Site "?"]
[Date "2002.03.07"]
[Round "7"]
[White "Nilsson, Anders"]
[Black "Persson, Olle"]
[Result "0-1"]
[WhiteElo "2074"]
[BlackElo "2112"]
[PlyCount "75"]
[EventDate "2002.??.??"]

1. d4 d5 2. c4 c6 3. Nc3 e6 4. e3 f5 5. f4 Nf6 6. Nf3 Be7 7. Bd3 O-O 8. O-O Ne4
9. Bd2 Nd7 10. Bxe4 fxe4 11. Ne5 Nxe5 12. fxe5 Rxf1+ 13. Qxf1 b6 14. Qf4 Ba6
15. b3 Qd7 16. Qg4 Rf8 17. Rd1 Bd8 18. Be1 Qf7 19. Bg3 Kh8 20. h4 Be7 21. Nb1
h5 22. Qe2 c5 23. Nd2 Qg6 24. Kh2 cxd4 25. exd4 Qh6 26. Rf1 Rf5 27. Rh1 Bb4 28.
Nxe4 dxe4 29. Qxe4 Bd2 30. Rd1 Bf4 31. Rd3 Bxg3+ 32. Kxg3 Qg6+ 33. Kh3 Qf7 34.
Rf3 g6 35. Kg3 Bb7 36. Rxf5 gxf5 37. Qe2 f4+ 38. Kh2 {och svart vann.} 0-1

[Event "Malmoemaesterskapet gr A"]
[Site "?"]
[Date "2002.02.07"]
[Round "4"]
[White "Sadiku, Halil"]
[Black "Vrbanac, Damir"]
[Result "0-1"]
[WhiteElo "1835"]
[BlackElo "1897"]
[PlyCount "88"]
[EventDate "2002.??.??"]

1. c4 c6 2. Nc3 d5 3. d4 Nf6 4. Bg5 Ne4 5. Nxe4 dxe4 6. f3 h6 7. Bf4 Qb6 8. Qd2
Bf5 9. Bxb8 Rxb8 10. Qf4 Qa5+ 11. Kf2 Rd8 12. b4 Qb6 13. e3 Qxb4 14. Be2 Qb2
15. Nh3 exf3 16. Kxf3 e6 17. Qh4 g5 18. Nxg5 Be7 19. g4 Bxg5 20. Qf2 Bg6 21. h4
Be7 22. Rhf1 h5 23. g5 c5 24. Rad1 cxd4 25. exd4 O-O 26. Qe3 Qa3 27. Bd3 Qd6
28. Be4 Qh2 29. Rh1 Qxa2 30. c5 Bxe4+ 31. Kxe4 Qg2+ 32. Qf3 Qxf3+ 33. Kxf3 b6
34. cxb6 axb6 35. Ke4 b5 36. Rc1 Rc8 37. Rhg1 Kh7 38. Ra1 Rc7 39. Rgf1 b4 40.
Rab1 Kg6 41. Ke5 Rb8 42. Rf3 Rb5+ 43. Ke4 Rcb7 44. Rbf1 Bd8 0-1

[Event "Malmoemaesterskapet gr B"]
[Site "?"]
[Date "2002.02.07"]
[Round "4"]
[White "Abrahamsson, Daniel"]
[Black "Gustavsson, Claes"]
[Result "1-0"]
[WhiteElo "1677"]
[BlackElo "1627"]
[PlyCount "53"]
[EventDate "2002.??.??"]

1. d4 c6 2. e4 e5 3. dxe5 Qa5+ 4. Nc3 Qxe5 5. Nf3 Qc7 6. Bc4 h6 7. O-O b5 8.
Bb3 a5 9. Nxb5 cxb5 10. Qd5 d6 11. Qxa8 Bb7 12. Qa7 Nf6 13. Bd5 Nxd5 14. exd5
Nd7 15. Re1+ Be7 16. Qe3 Ne5 17. Nxe5 dxe5 18. Qxe5 Qxe5 19. Rxe5 f6 20. Re2
Bxd5 21. Bd2 Kf7 22. Bxa5 Ra8 23. Bd2 Bc4 24. Ree1 Rd8 25. Be3 b4 26. Red1 Rc8
27. Bd4 1-0

[Event "Malmoemaesterskapet gr A"]
[Site "?"]
[Date "2002.02.31"]
[Round "3"]
[White "Vrbanac, Damir"]
[Black "Falinder, Kaj"]
[Result "1-0"]
[WhiteElo "1897"]
[BlackElo "1857"]
[PlyCount "93"]
[EventDate "2002.??.??"]

1. e4 c6 2. d4 d5 3. Nd2 dxe4 4. Nxe4 Bf5 5. Ng3 Bg6 6. Nf3 Nf6 7. Bc4 e6 8.
Qe2 Nbd7 9. O-O h6 10. Nh4 Bh7 11. Nhf5 Bxf5 12. Nxf5 Nd5 13. c3 g6 14. Ng3 Bg7
15. f4 O-O 16. Qc2 N7b6 17. Bd3 f5 18. Kh1 Rc8 19. b4 Bxd4 20. cxd4 Nxb4 21.
Qb3 Nxd3 22. Qxd3 Nd5 23. Ba3 Rf7 24. Rae1 Qd7 25. Ne2 Nf6 26. Nc3 Rd8 27. Rd1
b6 28. Qe2 Nd5 29. Nxd5 Qxd5 30. Rfe1 Re8 31. Qb2 g5 32. Re5 Qd7 33. fxg5 hxg5
34. Qe2 Rf6 35. Qh5 g4 36. Bc1 Qf7 37. Qxf7+ Kxf7 38. Bf4 Rg6 39. Rc1 Rd8 40.
g3 Rxd4 41. Rxc6 Rd7 42. Re2 Ke7 43. Rec2 Kf6 44. Rc7 Rd1+ 45. Kg2 a5 46. Rb7
Rb1 47. Rc8 {och vit vann.} 1-0

[Event "Malmoemaesterskapet gr B"]
[Site "?"]
[Date "2002.01.31"]
[Round "3"]
[White "Westman, Johan"]
[Black "Abrahamsson, Daniel"]
[Result "1-0"]
[WhiteElo "1604"]
[BlackElo "1677"]
[PlyCount "49"]
[EventDate "2002.??.??"]

1. e4 c5 2. Nf3 e6 3. d4 cxd4 4. Nxd4 Nf6 5. Nc3 Bb4 6. e5 Nd5 7. Bd2 Qc7 8.
Nxd5 Bxd2+ 9. Qxd2 exd5 10. O-O-O O-O 11. f4 a6 12. Nf5 b5 13. Qxd5 Bb7 14. Qd6
Qa5 15. Ne7+ Kh8 16. Ng6+ hxg6 17. Qxf8+ Kh7 18. Qxf7 Nc6 19. Bd3 Nb4 20. Qxg6+
Kg8 21. Qh7+ Kf8 22. Qh8+ Kf7 23. Bc4+ bxc4 24. Rxd7+ Ke6 25. Qh3# 1-0

[Event "Malmoemaesterskapet gr A"]
[Site "?"]
[Date "2002.02.24"]
[Round "2"]
[White "Rasmussen, Christian"]
[Black "Vrbanac, Damir"]
[Result "0-1"]
[WhiteElo "1690"]
[BlackElo "1897"]
[PlyCount "62"]
[EventDate "2002.??.??"]

1. d4 d5 2. e4 dxe4 3. Nc3 Nf6 4. f3 exf3 5. Nxf3 Bg4 6. h3 Bh5 7. g4 Bg6 8.
Ne5 Nbd7 9. Nxg6 hxg6 10. Bc4 Nb6 11. Bb3 e6 12. Qf3 c6 13. Be3 Bd6 14. Rf1 Qc7
15. O-O-O Rf8 16. Bg5 Nbd7 17. Rde1 O-O-O 18. Ne4 Rh8 19. Nxf6 Nxf6 20. Bxf6
gxf6 21. Qxf6 Rh7 22. c3 a6 23. Re3 Be7 24. Qe5 Bd6 25. Qf6 Rdh8 26. Ref3 Kb8
27. Qg5 Ka8 28. Qe3 Qe7 29. Qf2 g5 30. Kb1 Bf4 31. Rh1 31... f6 {
och svart vann.} 0-1

[Event "Malmoemaesterskapet gr B"]
[Site "?"]
[Date "2002.01.24"]
[Round "2"]
[White "Stasiak, Piotr"]
[Black "Westman, Johan"]
[Result "0-1"]
[WhiteElo "1636"]
[BlackElo "1604"]
[PlyCount "56"]
[EventDate "2002.??.??"]

1. e4 c5 2. Nf3 d6 3. d4 cxd4 4. Nxd4 Nf6 5. Nc3 a6 6. Bg5 e6 7. f4 Be7 8. Qf3
Qc7 9. O-O-O Nbd7 10. Qg3 b5 11. e5 dxe5 12. fxe5 Nh5 13. Qf3 Bxg5+ 14. Kb1 O-O
15. Qxh5 Be7 16. Nf3 Bb7 17. Re1 Rac8 18. Bd3 g6 19. Qh6 Bxf3 20. gxf3 Nxe5 21.
Re3 Nxd3 22. Rxd3 b4 23. f4 f5 24. Rg1 Bf6 25. Rgd1 Rf7 26. h4 bxc3 27. bxc3
Bxc3 28. Kc1 Bg7 0-1

[Event "Malmoemaesterskapet gr C"]
[Site "?"]
[Date "2002.01.24"]
[Round "2"]
[White "Asanovski, Nizami"]
[Black "Simon, Alexandru"]
[Result "0-1"]
[WhiteElo "1404"]
[BlackElo "1541"]
[PlyCount "86"]
[EventDate "2002.??.??"]

1. e4 c5 2. Nf3 Nc6 3. Bb5 a6 4. Bxc6 bxc6 5. O-O d6 6. b3 Nf6 7. e5 Nd5 8. c4
Nf4 9. d4 Ne6 10. dxc5 Nxc5 11. exd6 exd6 12. Re1+ Ne6 13. Bb2 Be7 14. Nd4 Nxd4
15. Qxd4 f6 16. Qe4 Qc7 17. Nd2 Kf7 18. Nf3 Ra7 19. Re2 Qd7 20. Rae1 Rc7 21.
Nd4 d5 22. Qd3 Bd6 23. Ne6 Rb7 24. cxd5 cxd5 25. Kf1 Qb5 26. Qxb5 Rxb5 27. Nd4
Rb7 28. h3 Bd7 29. g4 h6 30. Kg2 a5 31. Bc3 Ra7 32. a4 Rc8 33. Bd2 Bc5 34. Ne6
Ba3 35. Nf4 Bc6 36. Nd3 Rb8 37. Rb1 d4+ 38. Kf1 Bd5 39. b4 axb4 40. Bxb4 Bxb4
41. Rxb4 Rxb4 42. Nxb4 Bc4 43. Nc2 d3 0-1

[Event "Malmoemaesterskapet gr C"]
[Site "?"]
[Date "2002.01.24"]
[Round "2"]
[White "Gentili, Bo"]
[Black "Havefija, Sijavio"]
[Result "0-1"]
[WhiteElo "1426"]
[BlackElo "1437"]
[PlyCount "76"]
[EventDate "2002.??.??"]

1. d4 g6 2. c4 Bg7 3. Nc3 b6 4. Nf3 e6 5. e3 Bb7 6. Be2 Nf6 7. O-O O-O 8. b3 d5
9. cxd5 exd5 10. Bb2 Nbd7 11. Rc1 c6 12. Rc2 Re8 13. Qc1 Rc8 14. b4 Qe7 15. a3
Ne4 16. Re1 Ndf6 17. h3 a6 18. Na4 b5 19. Nc5 Nxc5 20. Rxc5 Ne4 21. Rc2 Nd6 22.
Nd2 f5 23. Nb3 Nc4 24. Bf3 Rc7 25. Nc5 Bc8 26. Kf1 Qh4 27. Qd1 Rce7 28. Bc1 g5
29. Ra2 g4 30. hxg4 fxg4 31. g3 Qh5 32. Bg2 Qh2 33. a4 Rf7 34. axb5 axb5 35.
Ra8 Ref8 36. Qe2 Nd6 37. Qa2 Nf5 38. Re2 Nxg3+ 0-1

[Event "Malmoemaesterskapet gr A"]
[Site "?"]
[Date "2002.01.24"]
[Round "2"]
[White "Falinder, Kaj"]
[Black "Janbrand, Marcus"]
[Result "1-0"]
[WhiteElo "1857"]
[BlackElo "1724"]
[PlyCount "35"]
[EventDate "2002.??.??"]

1. b4 e5 2. Bb2 Bxb4 3. f4 exf4 4. Bxg7 Qh4+ 5. g3 fxg3 6. Bg2 gxh2+ 7. Kf1
hxg1=Q+ 8. Kxg1 Qf4 9. Bxh8 Bxd2 10. Qxd2 Qf5 11. Qd3 Qg5 12. Rxh7 Nf6 13. Bxf6
Qxf6 14. Nc3 d6 15. Rf1 Qg5 16. Rhxf7 Be6 17. Rf8+ Kd7 18. Qh7+ 1-0

[Event "Malmoemaesterskapet gr B"]
[Site "?"]
[Date "2002.01.17"]
[Round "1"]
[White "Westman, Johan"]
[Black "Sivhed, Johan"]
[Result "1-0"]
[WhiteElo "1604"]
[BlackElo "1660"]
[PlyCount "65"]
[EventDate "2002.??.??"]

1. e4 c5 2. Nf3 Nc6 3. d4 cxd4 4. Nxd4 Nf6 5. Nc3 d6 6. Bc4 e6 7. f4 Be7 8. f5
Nxd4 9. Qxd4 exf5 10. exf5 Bxf5 11. Bb3 O-O 12. Be3 Re8 13. O-O-O Ng4 14. Bf4
Bg5 15. h3 Ne3 16. Rd2 Bg6 17. g4 Bf6 18. Qxd6 Qxd6 19. Rxd6 Ng2 20. Bd2 Rad8
21. Rxd8 Rxd8 22. Nd5 Rd6 23. Nxf6+ Rxf6 24. Bg5 Rf2 25. Rd1 h6 26. Bd2 Nf4 27.
Be3 Rf3 28. Bxa7 Rxh3 29. Rf1 Ne2+ 30. Kd1 Ng3 31. Re1 Rh1 32. Rxh1 Nxh1 33.
Bd5 {och vit vann.} 1-0

[Event "Malmoemaesterskapet gr D"]
[Site "?"]
[Date "2002.02.14"]
[Round "5"]
[White "Flygare, Stefan"]
[Black "Zavala, Jaime"]
[Result "1-0"]
[WhiteElo "1300"]
[BlackElo "1371"]
[PlyCount "59"]
[EventDate "2002.??.??"]

1. g3 Nc6 2. Bg2 e5 3. e4 Bc5 4. Nf3 d6 5. O-O Bg4 6. c3 Nf6 7. d3 Qd7 8. Bg5
O-O-O 9. b4 Bb6 10. a4 a6 11. b5 Nb8 12. Na3 Bc5 13. c4 h6 14. Bd2 Bh3 15. Nh4
Bxg2 16. Kxg2 g6 17. Qb3 b6 18. a5 Bxa3 19. Rxa3 axb5 20. axb6 cxb6 21. cxb5
Rdf8 22. Be3 Qb7 23. Rfa1 Qe7 24. Ra7 Nfd7 25. Bxb6 Qe8 26. Qc4+ Nc5 27. Rc7+
Kd8 28. Ra8 Ncd7 29. Rxd7+ Kxd7 30. Ra7# 1-0

[Event "Malmoemaesterskapet gr A"]
[Site "?"]
[Date "2002.02.14"]
[Round "5"]
[White "Vrbanac, Damir"]
[Black "Kovacevic, Tommy"]
[Result "1-0"]
[WhiteElo "1897"]
[BlackElo "1753"]
[PlyCount "25"]
[EventDate "2002.??.??"]

1. e4 e5 2. Nf3 Nc6 3. d4 exd4 4. Nxd4 Bc5 5. Be3 Qf6 6. c3 Qg6 7. Be2 Nf6 8.
O-O O-O 9. Nxc6 dxc6 10. Bxc5 Bh3 11. Bf3 Rfd8 12. Qe2 Nh5 13. Be3 1-0